| 000 | 00537cam a22002291 4500 | ||
|---|---|---|---|
| 001 | sa 66000799 | ||
| 003 | DLC | ||
| 005 | 20260227112217.0 | ||
| 008 | 950123s1964 ii 000 1 tamo | ||
| 010 | _asa 66000799 | ||
| 025 | _aPL480:I-T-1119 | ||
| 035 | _a(OCoLC)31873995 | ||
| 040 |
_aDLC _cCU _dCU _dDLC |
||
| 042 | _apremarc | ||
| 050 | 0 | 0 |
_aPL4758.9.S47 _bK34 |
| 100 | 1 |
_aShanmugam, R., _d1926- |
|
| 245 | 1 | 0 | _aKāttiruntāḷ. |
| 260 | _c[1964] | ||
| 300 |
_a252 p. _c18 cm. |
||
| 500 | _aIn Tamil. | ||
| 500 | _aA novel. | ||
| 999 |
_c67409 _d67409 |
||